Statistics for Countries Hidden in a Letter #1

Click here to take the quiz!

General Stats

  • This quiz has been taken 1,030 times
  • The average score is 15 of 25

Answer Stats

Country% Correct
Poland
92%
China
83%
Thailand
83%
New Zealand
74%
Jordan
72%
Vietnam
72%
Somalia
72%
Togo
67%
Tuvalu
65%
Tonga
64%
Ukraine
63%
Bolivia
61%
Belarus
60%
Nepal
59%
India
57%
Denmark
56%
Ghana
56%
Brunei
53%
Portugal
51%
Latvia
49%
Chad
47%
Kenya
47%
Bahamas
44%
Malta
42%
Gabon
40%

Score Distribution

Percentile by Number Answered

Percent of People with Each Score

Your Score History

You have not taken this quiz